Normal view
MARC view
Entry Personal Name
001 - CONTROL NUMBER
- control field: 1239806
003 - CONTROL NUMBER IDENTIFIER
- control field: OSt
005 - DATE AND TIME OF LATEST TRANSACTION
- control field: 20260514122633.0
008 - FIXED-LENGTH DATA ELEMENTS
- fixed length control field: 260514|| aca||aabn | a|a d
040 ## - CATALOGING SOURCE
- Original cataloging agency: OSt
- Transcribing agency: OSt
100 ## - HEADING--PERSONAL NAME
- Personal name: Dr.M.M.Singh
670 ## - SOURCE DATA FOUND
- Source citation: Work cat.: (OSt)1851568: Meena Dr.Disha 1239805, Effect of Behaviour Change Communication on Pre-Hypertensive and Hypertensive Married Women Aged 18-59 Years Regarding Hypertension & its Modifiable Risk Factors in an Urban Area of Delhi.
